SPATIAL EPIDEMIOLOGY: METHODS AND APPLICATIONS (Registro nro. 233673)
[ vista simple ]
| 000 -LEADER | |
|---|---|
| campo de control de longitud fija | 00480nam a2200193Ia 4500 |
| 005 - FECHA Y HORA DE LA ÚLTIMA TRANSACCIÓN | |
| campo de control | 20250425162643.0 |
| 008 - DATOS DE LONGITUD FIJA--INFORMACIÓN GENERAL | |
| campo de control de longitud fija | 250425s9999 xx 000 0 und d |
| 020 ## - NÚMERO INTERNACIONAL ESTÁNDAR DEL LIBRO | |
| Número Internacional Estándar del Libro | 0192629417 |
| 041 ## - CÓDIGO DE IDIOMA | |
| Código de lengua del texto/banda sonora o título independiente | eng |
| 082 ## - NÚMERO DE LA CLASIFICACIÓN DECIMAL DEWEY | |
| Número de clasificación | 614.4 |
| 010 ## - NÚMERO DE CONTROL DE LA BIBLIOTECA DEL CONGRESO | |
| Número de control de LC | 94275 |
| 245 #0 - MENCIÓN DEL TÍTULO | |
| Título | SPATIAL EPIDEMIOLOGY: METHODS AND APPLICATIONS |
| 250 ## - MENCION DE EDICION | |
| Mención de edición | S.E |
| 260 ## - PUBLICACIÓN, DISTRIBUCIÓN, ETC. | |
| Lugar de publicación, distribución, etc. | Estados Unidos |
| Nombre del editor, distribuidor, etc. | OXFOR UNIVERSITY PRESS |
| Fecha de publicación, distribución, etc. | 2000 |
| 260 ## - PUBLICACIÓN, DISTRIBUCIÓN, ETC. | |
| Lugar de publicación, distribución, etc. | NEW YORK |
| 300 ## - DESCRIPCIÓN FÍSICA | |
| Extensión | 475 |
| 650 ## - PUNTO DE ACCESO ADICIONAL DE MATERIA--TÉRMINO DE MATERIA | |
| Término de materia o nombre geográfico como elemento de entrada | EPIDEMIOLOGIA VETERINARIA |
| 942 ## - ELEMENTOS DE ENTRADA SECUNDARIOS (KOHA) | |
| Tipo de ítem Koha | Libros |
| Estatus retirado | Estado de pérdida | Estado de daño | No para préstamo | Biblioteca de origen | Biblioteca actual | Fecha de adquisición | Coste, precio normal de compra | Total de préstamos | Código de barras | Copia número |
|---|---|---|---|---|---|---|---|---|---|---|
| CENTRO NACIONAL DE INVESTIGACIONES MARINAS | CENTRO NACIONAL DE INVESTIGACIONES MARINAS | 31/07/2015 | 90.00 | 65272 | 1 |